| 000 -NÁVESTIE |
| fixed length control field |
00510nam a2200169 a 4500 |
| 008 - ÚDAJE S PEVNOU DĹŽKOU – VŠEOBECNÉ INFORMÁCIE |
| fixed length control field |
980820s1989 m yCZ 0 cze c |
| 020 ## - MEDZINÁRODNÉ ŠTANDARDNÉ ČÍSLO KNIHY (ISBN) |
| Medzinárodné štandardné číslo knihy (ISBN) |
802070051X |
| Údaje o dostupnosti |
19 |
| 040 ## - ZDROJ KATALOGIZÁCIE |
| Pôvodná katalogizujúca agentúra |
SNK |
| Jazyk katalogizácie |
slo |
| Prepisujúca agentúra |
SNK |
| Konvencie popisu |
AACR2 |
| 041 1# - KÓD JAZYKA |
| Kód jazyka textu/zvukovej stopy alebo samostatných nápisov |
cze |
| Kód jazyka originálu a/alebo sprostredkujúcich prekladov textu |
ita |
| 044 ## - KÓD KRAJINY VYDAVATEĽA/PRODUCENTA |
| Kód krajiny MARC |
CZ |
| 080 ## - ČÍSLO MEDZINÁRODNÉHO DESATINNÉHO TRIEDENIA (MDT) |
| Číslo Medzinárodného desatinného triedenia (MDT) |
850-32=850 |
| 100 1# - OSOBNÉ MENÁ – VŠEOBECNÉ INFORMÁCIE |
| Osobné meno |
Tomasi di Lampedusa, Giuseppe |
| Kód roly |
aut |
| 245 10 - NÁZOV |
| Názov |
Ligeia a jiné prózy |
| Údaj o zodpovednosti atď. |
Giuseppe Tomasi di Lampedusa ; z ital. orig. přel. Jiří Pelán ; il. Václav Bláha |
| 260 ## - VYDAVATEĽSKÉ ÚDAJE, DISTRIBÚCIA ATĎ. |
| Miesto publikovania, distribúcie atď. |
Praha |
| Názov vydavateľa, distibútora atď. |
Odeon |
| Dátum publikovania, distribúcie atď. |
1989 |
| 300 ## - FYZICKÝ POPIS |
| Rozsah |
163, [2] s. |
| Rozmery |
8ř |
| 958 ## - Formálny deskriptor |
| Formálny deskriptor |
A |